| 000 | 01096cam a22002411i 4500 | ||
|---|---|---|---|
| 003 | SA_RiAUC | ||
| 005 | 20250515071856.0 | ||
| 008 | 250513q19001999xx g 000 0 ara c | ||
| 040 |
_aSA-JeALM _bara _cSA-RiAUC _erda |
||
| 082 | 0 | 4 |
_a210.4 _qSA-RiAUC |
| 090 |
_a210.4 _b س ي و |
||
| 100 | 1 |
_aالسيوطي، رمضان حافظ عبد الرحمن _eمؤلف. |
|
| 245 | 1 | 2 |
_aالمرأة في ميزان الإسلام : _bمكانتها، ولايتها ومعاملتها المالية / _cرمضان حافظ عبد الرحمن محمد الشهير بالسيوطي. |
| 264 | 1 |
_a[مكان النشر غير محدد] : _b[الناشر غير محدد]، _c[بين 1900 و1999] |
|
| 300 |
_a467 صفحة ؛ _c17 ×24 سم |
||
| 336 |
_aنص _btxt _2rdacontent _3كتاب |
||
| 337 |
_aبدون وسيط _bn _2rdamedia |
||
| 338 |
_aمجلد _bnc _2rdacarrier |
||
| 500 | _aاهداء من المؤلف رمضان حافظ الى الشيخ رحمه الله . | ||
| 650 | 7 |
_aالمرأة في الإسلام _2aucsh |
|
| 942 |
_2ddc _cBOOK _n0 |
||
| 949 |
_aSA-JeALM _d250513 _uosman123 _n1 |
||
| 999 |
_c7939 _d7939 |
||